000 00439nam a2200157Ia 4500
008 230917s9999||||xx |||||||||||||| ||und||
040 _e105777
_aMAIN
041 _aEnglish
082 _a658.409 C66V
100 _aCohan, Peter S
245 0 _aValue leadership: the principles that drive corporate value in any economy
250 _a1st ed.
260 _aAmerica
_bJossey- Bass Wiley imprint
_c2003
300 _a312p p.
942 _cBK
999 _c110389
_d110389